[Event "GER-ch U10"]
[Site "Willingen"]
[Date "2024.05.24"]
[Round "9"]
[White "Nikolic, Luka"]
[Black "El Issa, Erik"]
[Result "1-0"]
[WhiteElo "1145"]
[BlackElo "1172"]
[PlyCount "75"]
[EventDate "2024.05.19"]
[EventType "swiss"]
[EventRounds "11"]
[EventCountry "GER"]
[SourceTitle "CBM 220 Extra"]
[Source "ChessBase"]
[SourceDate "2024.07.31"]
[SourceVersion "1"]
[SourceVersionDate "2024.07.31"]
[SourceQuality "1"]

1. d4 d5 2. c4 e6 3. Nc3 Nf6 4. Bf4 Bb4 5. a3 Bxc3+ 6. bxc3 h6 7. Nf3 Nc6 8. e3 0-0 9. cxd5 exd5 10. Bd3 Re8 11. 0-0 Bg4 12. Rb1 b6 13. h3 Bh5 14. Bb5 Re6 15. Qa4 Ne7 16. Ne5 Ne4 17. Qc2 c6 18. Bd3 Nf6 19. c4 Rc8 20. c5 Nd7 21. Ba6 Rc7 22. g4 Nxe5 23. Bxe5 Bg6 24. Bxc7 Bxc2 25. Bxd8 Bxb1 26. Rxb1 b5 27. a4 Ng6 28. axb5 cxb5 29. Bxb5 a6 30. Bd7 Re4 31. c6 Nf8 32. Bf5 Re8 33. c7 Ne6 34. Bxe6 fxe6 35. c8Q a5 36. Qd7 Kf8 37. Rb7 Rxd8 38. Qxd8# 1-0